| 000 | 00553nam a2200217Ia 4500 | ||
|---|---|---|---|
| 005 | 20250425162656.0 | ||
| 008 | 250425s9999 xx 000 0 und d | ||
| 020 | _a0471511846 | ||
| 041 | _aeng | ||
| 082 | _a540.72 | ||
| 100 | _aSTUMM, WERNER | ||
| 245 | 0 | _aAQUATIC CHEMISTRY: CHEMICAL EQUILIBRIA AND RATES IN NATURAL WATERS | |
| 250 | _aTHIRD EDITION | ||
| 260 |
_aEstados Unidos _bJOHN WILEY SONS, INC _c1996 |
||
| 260 | _aNEW YORK | ||
| 300 | _a1022 | ||
| 650 | _aQUIMICA | ||
| 700 | _aMORGAN, JAMES | ||
| 942 | _c01 | ||
| 010 | _a95925 | ||
| 999 |
_c234139 _d234139 |
||